000 00989nam0a22002531 4500
001 rc\307319
005 20030307121938.3
035 _a(NLR Aleph) 005542717
090 _a5727409
_c5727409
100 _a20030307d1990 u |0rusy50 ca
101 0 _arus
102 _aRU
105 _ay |||||||||
200 1 _aФилософские проблемы биологии в СССР. (20-е - начало 60-х гг.)
_fАН СССР. Ленингр. отд-ние. Ин-та истории естествознания и техники, Междунар. фонд истории науки
210 _aЛ.
_cБ. и.
_d1990
215 _a96, [1] с.
_d22
320 _aБиблиогр. в примеч.: с. 81-96
700 1 _aКолчинский
_bЭ. И.
_gЭдуард Израилевич
701 1 _aОрлов
_bС. А.
_gСергей Александрович
801 0 _aRU
_bNLR
_gpsbo
801 1 _aRU
_bELAR
_2rusmarc
852 _aNLR
_j91-6/1607
942 _cBOOK
980 _aNB